| 000 | 00827nam a22002297a 4500 | ||
|---|---|---|---|
| 999 |
_c64976 _d64976 |
||
| 005 | 20240530110800.0 | ||
| 008 | 190122s2018 ua ||||g |||| 00| 1dara d | ||
| 017 |
_a2018/15924 _bمصر. دار الكتب |
||
| 020 | _a9789773805777 | ||
| 040 |
_aEG-CaGPL _cEG-CaGPL |
||
| 082 | 0 | 4 |
_221 _a810.9 / _bن ش |
| 100 | 0 | _aنهاد ابراهيم | |
| 245 | 1 | 0 |
_aشخصية شهرزاد فى الادب المصرى المعاصر : _bدراسة تحليلية / _cنهاد ابراهيم |
| 250 | _aط.1 | ||
| 260 |
_aالقاهرة : _bدار العلوم للنشر والتوزيع، _c2018. |
||
| 300 |
_a168 ص. ؛ _c24 سم. |
||
| 650 | 0 | 7 |
_2qrmak _aالادب العربى |
| 650 | 0 | 7 |
_2qrmak _aالادب العربى _vتاريخ ونقد |
| 651 | _2qrmak | ||
| 942 |
_2ddc _cBK |
||